| 000 | 00717nam a2200205 a 4500 | ||
|---|---|---|---|
| 008 | 120416s1976 ||||||||||||||||| || u | ||
| 020 | _a0521208858 | ||
| 050 | _aHD 2757.3 Eic | ||
| 100 | _aEichner, Alfred S | ||
| 245 | 1 | 4 | _aThe Megacorp and oligopoly |
| 246 | _amicro foundations of macro dynamics | ||
| 260 |
_aCambridge _bCambridge University Press _c1976 |
||
| 300 | _axiii, 365p. : ill | ||
| 350 | _a0.00 | ||
| 500 | _aIncludes index. -Bibliography: p. 327-351. | ||
| 650 | _aOLIGOPOLIES | ||
| 650 | 0 | _aECONOMICS | |
| 650 | _aMICROECONOMICS | ||
| 995 |
_D0.00 _FCBU-MAIN LIBRARY (Kitwe) _H1 _I10.00 _M1 _UAVAILABLE _ZAnnex Low-Usage Collection |
||
| 999 |
_c50972 _d50972 |
||